000 00744nam a22002417a 4500
001 85309
003 BD-RjUL
005 20250724111213.0
008 250724s1966 us a|||| |||| 00| 0 eng d
035 _a(BD-RjUL)85309
040 _aBD-RjUL
_beng
_cBD-RjUL
_dDLC
_eDLC
041 _aeng
082 _223
_a820.9
_bWRI 1966
245 _aThomas Kyd and Elizabethan Trgedy
_cBy Philip Edwards,
260 _aLondon
_bThe National book League by Longmans, Green & Co.
_c1966
300 _a159 page,
_billus,
_c10 cm.
337 _aPublished for the British Council
504 _aBibliography
505 _aFormatted note, V-1, 2, 3, 4, 5, 6, 7, 8,
650 _aThomas Kyd
_916250
700 _aEdwards, Philip, By
_916251
942 _2ddc
_cBK
999 _c85309
_d85309